| 000 | 00797 a2200193 4500 | ||
|---|---|---|---|
| 003 | Nust | ||
| 005 | 20241029155542.0 | ||
| 040 | _cNust | ||
| 082 | _a200 | ||
| 100 |
_aRashid, Saba ( MSEE-17) _9105973 |
||
| 245 |
_aDesign of Frequency Selective Surface (FSS) based Fields Decorrelating Radome for MIMO Antennas/ _cSaba Rashid, |
||
| 260 |
_aRawalpindi _bMCS NUST _cJune-2014 |
||
| 300 | _axiii,72, p ; | ||
| 505 | _aIntroduction (page-1) Frequency selsctive surfaces (pae-10) Fundamentals of antenna (page-19) FSS Design (page-34) High gain cavity resonant antenna using frequency selsctive surface at Ku-band frequency (page-42) Applications and future work (page-67) | ||
| 538 | _aAlmirah No,69 Shelf No,3 | ||
| 650 |
_aPG Thesis _935000 |
||
| 651 |
_aMSEE-17 _935169 |
||
| 942 |
_2ddc _cBK |
||
| 999 |
_c212176 _d212176 |
||